| 000 | 00350nam a2200145Ia 4500 | ||
|---|---|---|---|
| 008 | 230312s9999||||xx |||||||||||||| ||und|| | ||
| 020 | _a0534384625 | ||
| 082 |
_a621.392 _bJOH-D |
||
| 100 | _aKinney,L,Larry | ||
| 245 | 0 | _aFundamentals of logic design | |
| 260 |
_bCengage _aUSA _c2008 |
||
| 300 | _a580 | ||
| 650 |
_aEngineering _vVHDL |
||
| 942 | _cBK | ||
| 999 |
_c17853 _d17853 |
||